Jacklin and Anor v Chief Constable of West Yorkshire (Record no. 78640)

MARC details
000 -LEADER
fixed length control field 01685cab a22001935a 4500
001 - CONTROL NUMBER
control field L137505
008 - FIXED-LENGTH DATA ELEMENTS--GENERAL INFORMATION
fixed length control field 070412e xxk 000 0 eng d
035 ## - SYSTEM CONTROL NUMBER
System control number (Sirsi) u137505
041 0# - LANGUAGE CODE
Language code of text/sound track or separate title eng
245 00 - TITLE STATEMENT
Title Jacklin and Anor v Chief Constable of West Yorkshire
Medium [electronic resource]
520 ## - SUMMARY, ETC.
Summary, etc. [2007] EWCA Civ 181, 16 February 2007. The appellant police authority appealed against a decision of a judge to grant an injunction in favour of the respondent as opposed to damages in lieu in respect of a stretch of land over which the respondent had a right of way. The police authority carried out substantial construction work that involved reorganising the traffic flow of the site and placing a container across the relevant stretch, which prevented the passage of vehicles. More than three years later, the respondent brought proceedings. The police authority submitted that the judge had erred as he did not give proper consideration to the long period of delay between the time when the respondent had knowledge of the police authority 's proposed alterations and the time when he brought proceedings. ?Held?: the judge found that the respondent had protested orally against the proposed alterations before any work had taken place but the police authority had proceeded regardless without seeking to clarify the respondent 's position.
590 ## - LOCAL NOTE (RLIN)
Local note KA
650 24 - SUBJECT ADDED ENTRY--TOPICAL TERM
Topical term or geographic name entry element JACKLIN V THE CHIEF CONSTABLE OF WEST YORKSHIRE
650 24 - SUBJECT ADDED ENTRY--TOPICAL TERM
Topical term or geographic name entry element SHELFER V CITY OF LONDON ELECTRIC LIGHTING CO
651 #4 - SUBJECT ADDED ENTRY--GEOGRAPHIC NAME
Geographic name England
Chronological subdivision 886-
690 ## - LOCAL SUBJECT ADDED ENTRY--TOPICAL TERM (OCLC, RLIN)
Topical term or geographic name as entry element Boundary disputes
9 (RLIN) 6221
856 40 - ELECTRONIC LOCATION AND ACCESS
Uniform Resource Identifier <a href="https://www.bailii.org/ew/cases/EWCA/Civ/2007/181.html">https://www.bailii.org/ew/cases/EWCA/Civ/2007/181.html</a>
Public note View the item free of charge at www.bailii.org...
942 ## - ADDED ENTRY ELEMENTS (KOHA)
Suppress in OPAC 0
Holdings
Withdrawn status Lost status Source of classification or shelving scheme Damaged status Not for loan Home library Current library Shelving location Date acquired Total Checkouts Full call number Barcode Date last seen Copy number Price effective from Koha item type
    Dewey Decimal Classification     Virtual Virtual Online 12/04/2007   ONLINE PUBLICATION 137505-1001 06/08/2019 1 06/08/2019 Law report